000 00575nam a22001457a 4500
020 _a978-0-143-42157-3
082 _a823
_bDAT/T
100 _aDATTA,DURJOY
245 _aTILL THE LAST BREATH
260 _aHARYANA
_bPENGUIN BOOKS
300 _a247
520 _aOne is a brilliant nineteen-year-old medical student, suffering from an incurable, fatal disease. She counts every extra breath as a blessing. The other is a twenty-five-year-old drug addict whose organs are slowly giving up. He can't wait to get rid of his body.
650 _aENGLISH NOVEL
_zINDIA
942 _cBK
999 _c3140
_d3140